[Event "1st Stars Cup 2016"]
[Site "Guilan, Iran"]
[Date "2016.07.18"]
[Round "8"]
[Board "2"]
[White "Firouzja, Alireza"]
[Black "Dreev, Aleksey"]
[Result "0-1"]
[WhiteElo "2481"]
[BlackElo "2664"]
[PlyCount "0"]
[EventDate "2016.07.11"]
[EventType "team"]
[EventRounds "10"]
[EventCountry "IRI"]
[WhiteTeam "Iran Stars"]
[BlackTeam "World Stars"]

1. e4 {[%clk 1:30:55]} c6 {[%clk 1:30:35]} 2. Nc3 {[%clk 1:30:47]} d5
{[%clk 1:30:51]} 3. Nf3 {[%clk 1:30:50]} Bg4 {[%clk 1:31:15]} 4. h3
{[%clk 1:31:09]} Bxf3 {[%clk 1:31:40]} 5. Qxf3 {[%clk 1:31:31]} e6
{[%clk 1:31:47]} 6. d3 {[%clk 1:30:58]} Nd7 {[%clk 1:30:49]} 7. Bd2
{[%clk 1:30:04]} Qb6 {[%clk 1:27:52]} 8. O-O-O {[%clk 1:26:37]} Bd6
{[%clk 1:27:26]} 9. g4 {[%clk 1:19:44]} Ne7 {[%clk 1:26:37]} 10. h4
{[%clk 1:15:50]} d4 {[%clk 1:17:18]} 11. Ne2 {[%clk 1:12:06]} c5 {[%clk 1:17:31]}
12. Qh3 {[%clk 1:06:54]} O-O-O {[%clk 1:12:21]} 13. f4 {[%clk 1:04:26]} Kb8
{[%clk 1:12:02]} 14. e5 {[%clk 1:00:25]} Bc7 {[%clk 1:10:46]} 15. Ng3
{[%clk 1:00:33]} Qa6 {[%clk 0:53:50]} 16. Kb1 {[%clk 0:58:38]} Ba5
{[%clk 0:53:31]} 17. Bc1 {[%clk 0:51:47]} Nb6 {[%clk 0:52:16]} 18. Bg2
{[%clk 0:48:40]} Na4 {[%clk 0:48:29]} 19. Ne2 {[%clk 0:46:08]} Nd5
{[%clk 0:44:07]} 20. Bxd5 {[%clk 0:45:51]} Rxd5 {[%clk 0:44:12]} 21. Qf3
{[%clk 0:44:48]} Rc8 {[%clk 0:38:16]} 22. Qe4 {[%clk 0:42:38]} c4
{[%clk 0:33:20]} 23. dxc4 {[%clk 0:29:38]} Nc5 {[%clk 0:32:38]} 24. Qg2
{[%clk 0:22:45]} Qxc4 {[%clk 0:32:31]} 25. Ng3 {[%clk 0:22:39]} d3
{[%clk 0:26:24]} 26. cxd3 {[%clk 0:18:39]} Nxd3 {[%clk 0:25:43]} 27. Ne4
{[%clk 0:13:54]} Bd2 {[%clk 0:17:49]} 28. Nxd2 {[%clk 0:11:19]} Qc2+
{[%clk 0:17:54]} 29. Ka1 {[%clk 0:11:48]} Rb5 {[%clk 0:17:05]} 30. b3
{[%clk 0:07:50]} Ra5 {[%clk 0:14:43]} 31. a4 {[%clk 0:08:06]} Nb4
{[%clk 0:11:34]} 0-1

[Event "1st Stars Cup 2016"]
[Site "Guilan, Iran"]
[Date "2016.07.18"]
[Round "8"]
[Board "3"]
[White "Edouard, Romain"]
[Black "Pourramezanali, Amirreza"]
[Result "1-0"]
[WhiteElo "2639"]
[BlackElo "2509"]
[PlyCount "0"]
[EventDate "2016.07.11"]
[EventType "team"]
[EventRounds "10"]
[EventCountry "IRI"]
[WhiteTeam "World Stars"]
[BlackTeam "Iran Stars"]

1. c4 {[%clk 1:30:57]} c6 {[%clk 1:30:53]} 2. e4 {[%clk 1:31:21]} d5
{[%clk 1:31:19]} 3. cxd5 {[%clk 1:31:34]} cxd5 {[%clk 1:31:43]} 4. exd5
{[%clk 1:32:00]} Nf6 {[%clk 1:32:08]} 5. Nc3 {[%clk 1:32:23]} Nxd5
{[%clk 1:32:08]} 6. Nf3 {[%clk 1:32:49]} g6 {[%clk 1:16:58]} 7. Qb3
{[%clk 1:32:12]} e6 {[%clk 1:13:01]} 8. Nxd5 exd5 {[%clk 1:13:06]} 9. Bb5+
{[%clk 1:26:19]} Nc6 {[%clk 1:13:15]} 10. Qc3 {[%clk 1:17:50]} f6
{[%clk 1:07:39]} 11. O-O {[%clk 1:10:26]} Qd6 {[%clk 0:53:24]} 12. b3
{[%clk 1:06:06]} Kf7 {[%clk 0:50:57]} 13. Bb2 {[%clk 1:03:39]} Bg7
{[%clk 0:49:50]} 14. Rfe1 {[%clk 0:55:56]} Bd7 {[%clk 0:48:07]} 15. Ng5+
{[%clk 0:52:20]} Kg8 {[%clk 0:47:50]} 16. a4 {[%clk 0:52:45]} Re8
{[%clk 0:28:56]} 17. Rxe8+ {[%clk 0:35:43]} Bxe8 {[%clk 0:29:23]} 18. Re1
{[%clk 0:34:57]} Bd7 {[%clk 0:28:20]} 19. Bc4 {[%clk 0:33:09]} h6
{[%clk 0:17:46]} 20. Ne4 {[%clk 0:32:19]} Qe6 {[%clk 0:17:46]} 21. Bxd5
{[%clk 0:31:05]} Qxd5 {[%clk 0:17:56]} 22. Nxf6+ {[%clk 0:31:31]} Kf7
{[%clk 0:17:10]} 23. Nxd5 {[%clk 0:31:54]} Bxc3 {[%clk 0:17:36]} 24. Bxc3
{[%clk 0:31:41]} Rd8 {[%clk 0:17:27]} 25. b4 {[%clk 0:26:53]} Be6
{[%clk 0:16:50]} 26. Ne3 {[%clk 0:27:10]} Nd4 {[%clk 0:17:04]} 27. f3
{[%clk 0:26:53]} h5 {[%clk 0:15:52]} 28. b5 {[%clk 0:21:53]} Nf5 {[%clk 0:14:33]}
29. Kf2 {[%clk 0:18:55]} Rc8 {[%clk 0:12:40]} 30. Nd1 {[%clk 0:17:02]} Nd6
{[%clk 0:12:18]} 31. Bb4 {[%clk 0:15:34]} Nc4 {[%clk 0:12:00]} 32. Re4
{[%clk 0:15:52]} Rd8 {[%clk 0:11:33]} 33. Ke2 {[%clk 0:12:23]} Bf5
{[%clk 0:11:53]} 34. Re7+ {[%clk 0:12:33]} Kg8 {[%clk 0:11:43]} 35. Rxb7
{[%clk 0:12:30]} Bd3+ {[%clk 0:12:07]} 36. Ke1 {[%clk 0:11:13]} 1-0

[Event "1st Stars Cup 2016"]
[Site "Guilan, Iran"]
[Date "2016.07.18"]
[Round "8"]
[Board "4"]
[White "Short, Nigel D"]
[Black "Ghaem Maghami, Ehsan"]
[Result "1-0"]
[WhiteElo "2652"]
[BlackElo "2569"]
[PlyCount "0"]
[EventDate "2016.07.11"]
[EventType "team"]
[EventRounds "10"]
[EventCountry "IRI"]
[WhiteTeam "World Stars"]
[BlackTeam "Iran Stars"]

1. Nf3 {[%clk 1:30:54]} Nf6 {[%clk 1:29:33]} 2. c4 {[%clk 1:31:16]} e6
{[%clk 1:27:22]} 3. Nc3 {[%clk 1:31:37]} b6 {[%clk 1:26:09]} 4. e4
{[%clk 1:30:21]} Bb7 {[%clk 1:26:14]} 5. d3 {[%clk 1:23:48]} d6 {[%clk 1:21:37]}
6. g3 {[%clk 1:22:19]} Be7 {[%clk 1:20:53]} 7. Bg2 {[%clk 1:22:44]} O-O
{[%clk 1:20:44]} 8. O-O {[%clk 1:23:07]} c5 {[%clk 1:16:52]} 9. Re1
{[%clk 1:23:29]} a6 {[%clk 1:15:09]} 10. b3 {[%clk 1:21:03]} Nbd7
{[%clk 1:04:36]} 11. d4 {[%clk 1:19:55]} cxd4 {[%clk 1:04:14]} 12. Nxd4
{[%clk 1:20:19]} Qc7 {[%clk 1:03:50]} 13. Bb2 {[%clk 1:20:34]} Rac8
{[%clk 1:00:07]} 14. Qd2 {[%clk 1:15:16]} g6 {[%clk 0:54:36]} 15. Bh3
{[%clk 0:59:20]} Nc5 {[%clk 0:38:42]} 16. b4 {[%clk 0:52:28]} Rcd8
{[%clk 0:33:38]} 17. Rac1 {[%clk 0:45:32]} Bc8 {[%clk 0:29:31]} 18. Bg2
{[%clk 0:34:23]} Ncd7 {[%clk 0:26:35]} 19. Nd5 {[%clk 0:32:24]} exd5
{[%clk 0:26:24]} 20. cxd5 {[%clk 0:32:47]} Qb7 {[%clk 0:26:36]} 21. Nc6
{[%clk 0:32:31]} Rfe8 {[%clk 0:23:04]} 22. f4 {[%clk 0:25:55]} Nh5
{[%clk 0:16:43]} 23. e5 {[%clk 0:21:43]} Nb8 {[%clk 0:15:53]} 24. Nxd8
{[%clk 0:18:54]} Rxd8 {[%clk 0:15:46]} 25. e6 {[%clk 0:17:50]} Nf6
{[%clk 0:10:45]} 26. f5 {[%clk 0:17:24]} b5 {[%clk 0:05:09]} 27. Bd4
{[%clk 0:10:16]} Rf8 {[%clk 0:04:22]} 28. Qh6 {[%clk 0:08:24]} fxe6
{[%clk 0:02:15]} 29. dxe6 {[%clk 0:08:30]} d5 {[%clk 0:02:41]} 30. fxg6
{[%clk 0:08:47]} Nc6 {[%clk 0:02:13]} 31. Rxc6 {[%clk 0:08:23]} 1-0

[Event "1st Stars Cup 2016"]
[Site "Guilan, Iran"]
[Date "2016.07.18"]
[Round "8"]
[Board "5"]
[White "Sokolov, Ivan"]
[Black "Gholami, Aryan"]
[Result "1/2-1/2"]
[WhiteElo "2642"]
[BlackElo "2454"]
[PlyCount "0"]
[EventDate "2016.07.11"]
[EventType "team"]
[EventRounds "10"]
[EventCountry "IRI"]
[WhiteTeam "World Stars"]
[BlackTeam "Iran Stars"]

1. d4 {[%clk 1:30:34]} Nf6 {[%clk 1:30:49]} 2. c4 {[%clk 1:30:59]} e6
{[%clk 1:31:12]} 3. Nf3 {[%clk 1:31:27]} d5 {[%clk 1:31:18]} 4. Bg5
{[%clk 1:31:53]} h6 {[%clk 1:31:08]} 5. Bxf6 {[%clk 1:31:54]} Qxf6
{[%clk 1:31:34]} 6. Nc3 {[%clk 1:31:38]} dxc4 {[%clk 1:30:52]} 7. e3
{[%clk 1:26:57]} Bb4 {[%clk 1:14:42]} 8. Bxc4 {[%clk 1:21:24]} O-O
{[%clk 1:13:15]} 9. Rc1 {[%clk 1:17:38]} c6 {[%clk 1:10:43]} 10. e4
{[%clk 1:15:37]} c5 {[%clk 1:03:35]} 11. dxc5 {[%clk 1:14:03]} Nc6
{[%clk 1:01:28]} 12. Qe2 {[%clk 1:14:03]} e5 {[%clk 1:00:05]} 13. O-O
{[%clk 1:14:08]} Bxc5 {[%clk 0:59:23]} 14. Nd5 {[%clk 1:11:05]} Qd6
{[%clk 0:56:36]} 15. h3 {[%clk 0:47:30]} Nd4 {[%clk 0:51:22]} 16. Nxd4
{[%clk 0:47:06]} Bxd4 {[%clk 0:51:48]} 17. Ne3 {[%clk 0:38:15]} Qg6
{[%clk 0:43:39]} 18. Qf3 {[%clk 0:37:11]} Bxb2 {[%clk 0:38:46]} 19. Rb1
{[%clk 0:35:44]} Bd4 {[%clk 0:26:48]} 20. Nf5 {[%clk 0:36:08]} Bxf5
{[%clk 0:25:17]} 21. exf5 {[%clk 0:36:33]} Qd6 {[%clk 0:25:22]} 22. Rxb7
{[%clk 0:36:54]} Rab8 {[%clk 0:24:12]} 23. Bb3 {[%clk 0:32:48]} Rxb7
{[%clk 0:23:56]} 24. Qxb7 {[%clk 0:31:54]} Qb6 {[%clk 0:23:16]} 25. Qe4
{[%clk 0:31:43]} Rc8 {[%clk 0:21:58]} 26. Qd5 {[%clk 0:29:49]} Qf6
{[%clk 0:19:39]} 27. Qd7 {[%clk 0:30:03]} Rf8 {[%clk 0:19:41]} 28. g3
{[%clk 0:28:51]} Bb6 {[%clk 0:19:58]} 29. Qd3 {[%clk 0:21:50]} 1/2-1/2

[Event "1st Stars Cup 2016"]
[Site "Guilan, Iran"]
[Date "2016.07.18"]
[Round "8"]
[Board "6"]
[White "Miroshnichenko, Evgenij"]
[Black "Idani, Pouya"]
[Result "1-0"]
[WhiteElo "2616"]
[BlackElo "2560"]
[PlyCount "0"]
[EventDate "2016.07.11"]
[EventType "team"]
[EventRounds "10"]
[EventCountry "IRI"]
[WhiteTeam "World Stars"]
[BlackTeam "Iran Stars"]

1. e4 {[%clk 1:30:38]} c5 {[%clk 1:30:55]} 2. Nf3 {[%clk 1:31:03]} d6
{[%clk 1:30:27]} 3. d4 {[%clk 1:31:16]} Nf6 {[%clk 1:30:40]} 4. Nc3
{[%clk 1:30:15]} cxd4 {[%clk 1:31:01]} 5. Nxd4 {[%clk 1:30:43]} a6
{[%clk 1:31:27]} 6. Nb3 {[%clk 1:31:06]} e6 {[%clk 1:27:27]} 7. g4
{[%clk 1:31:16]} b5 {[%clk 1:27:54]} 8. Bg2 {[%clk 1:31:16]} Bb7 {[%clk 1:28:20]}
9. g5 {[%clk 1:31:28]} Nfd7 {[%clk 1:28:46]} 10. Be3 {[%clk 1:30:05]} b4
{[%clk 1:26:34]} 11. Ne2 {[%clk 1:27:29]} Ne5 {[%clk 1:26:38]} 12. Ned4
{[%clk 1:24:30]} Nc4 {[%clk 1:22:27]} 13. Qe2 {[%clk 1:22:22]} Nxe3
{[%clk 1:18:49]} 14. Qxe3 {[%clk 1:22:40]} Nd7 {[%clk 1:19:00]} 15. f4
{[%clk 1:18:24]} Qb6 {[%clk 1:17:18]} 16. Qh3 {[%clk 1:11:10]} e5
{[%clk 1:12:38]} 17. fxe5 {[%clk 0:39:03]} Nxe5 {[%clk 1:10:10]} 18. O-O-O
{[%clk 0:37:17]} g6 {[%clk 1:09:37]} 19. Kb1 {[%clk 0:36:03]} Bg7
{[%clk 1:04:20]} 20. Ne6 {[%clk 0:35:57]} Bf8 {[%clk 1:03:29]} 21. Nxf8
{[%clk 0:36:12]} Kxf8 {[%clk 1:03:42]} 22. Rhf1 {[%clk 0:35:48]} Bc8
{[%clk 1:01:53]} 23. Qh6+ {[%clk 0:33:00]} Kg8 {[%clk 1:02:06]} 24. h3
{[%clk 0:31:59]} Ra7 {[%clk 0:59:08]} 25. Rf6 {[%clk 0:30:26]} Rd7
{[%clk 0:59:12]} 26. Nd4 {[%clk 0:26:05]} Rd8 {[%clk 0:57:00]} 27. Rff1
{[%clk 0:24:44]} Qc7 {[%clk 0:55:21]} 28. Nf5 {[%clk 0:17:30]} gxf5
{[%clk 0:55:36]} 29. exf5 {[%clk 0:17:55]} Qe7 {[%clk 0:55:28]} 30. Bd5
{[%clk 0:18:24]} Rd7 {[%clk 0:52:58]} 31. Rg1 {[%clk 0:14:41]} Qf8
{[%clk 0:46:59]} 32. Qh4 {[%clk 0:14:25]} Bb7 {[%clk 0:42:25]} 33. Bb3
{[%clk 0:14:53]} Nf3 {[%clk 0:31:23]} 34. g6 {[%clk 0:14:53]} 1-0

[Event "1st Stars Cup 2016"]
[Site "Guilan, Iran"]
[Date "2016.07.18"]
[Round "8"]
[Board "7"]
[White "Lu, Shanglei"]
[Black "Maghsoodloo, Parham"]
[Result "0-1"]
[WhiteElo "2611"]
[BlackElo "2501"]
[PlyCount "0"]
[EventDate "2016.07.11"]
[EventType "team"]
[EventRounds "10"]
[EventCountry "IRI"]
[WhiteTeam "World Stars"]
[BlackTeam "Iran Stars"]

1. e4 {[%clk 1:30:56]} d5 {[%clk 1:26:53]} 2. exd5 {[%clk 1:30:32]} Qxd5
{[%clk 1:27:01]} 3. Nc3 {[%clk 1:30:53]} Qd6 {[%clk 1:25:55]} 4. d4
{[%clk 1:30:00]} Nf6 {[%clk 1:19:09]} 5. Nf3 {[%clk 1:30:12]} c6 {[%clk 1:17:56]}
6. Ne5 {[%clk 1:25:07]} Be6 {[%clk 1:16:19]} 7. Bf4 {[%clk 1:15:43]} Qd8
{[%clk 1:15:26]} 8. Qd2 {[%clk 1:08:50]} Nbd7 {[%clk 1:14:06]} 9. O-O-O
{[%clk 1:08:49]} g6 {[%clk 1:13:06]} 10. Bc4 {[%clk 0:30:00]} Bxc4
{[%clk 1:11:13]} 11. Nxc4 {[%clk 0:30:26]} Bg7 {[%clk 1:06:15]} 12. Rhe1
{[%clk 0:30:43]} O-O {[%clk 1:06:24]} 13. Bh6 {[%clk 0:31:07]} Nb6
{[%clk 1:04:03]} 14. Ne5 {[%clk 0:31:12]} Re8 {[%clk 0:55:10]} 15. Kb1
{[%clk 0:29:01]} Bh8 {[%clk 0:48:55]} 16. Qf4 {[%clk 0:28:01]} Bg7
{[%clk 0:46:09]} 17. g4 {[%clk 0:22:25]} Rf8 {[%clk 0:44:46]} 18. Rd3
{[%clk 0:20:51]} Nfd5 {[%clk 0:42:52]} 19. Nxd5 {[%clk 0:19:02]} Nxd5
{[%clk 0:43:13]} 20. Qd2 {[%clk 0:19:15]} f6 {[%clk 0:43:41]} 21. Bxg7
{[%clk 0:18:36]} Kxg7 {[%clk 0:43:57]} 22. Nc4 {[%clk 0:19:01]} Qc7
{[%clk 0:40:53]} 23. Rh3 {[%clk 0:16:49]} Rf7 {[%clk 0:38:06]} 24. Re4
{[%clk 0:15:08]} Rd8 {[%clk 0:35:48]} 25. a3 {[%clk 0:15:21]} Kg8
{[%clk 0:33:40]} 26. Rg3 {[%clk 0:10:26]} Kh8 {[%clk 0:28:25]} 27. h4
{[%clk 0:09:33]} b5 {[%clk 0:28:47]} 28. Na5 {[%clk 0:08:39]} e5 {[%clk 0:27:22]}
29. h5 {[%clk 0:07:26]} gxh5 {[%clk 0:25:12]} 30. gxh5 {[%clk 0:07:49]} Nf4
{[%clk 0:24:55]} 31. Qc3 {[%clk 0:05:54]} c5 {[%clk 0:21:28]} 32. dxe5
{[%clk 0:04:45]} Nd5 {[%clk 0:17:41]} 33. Qe1 {[%clk 0:05:05]} f5
{[%clk 0:18:10]} 34. Re2 {[%clk 0:02:50]} Re7 {[%clk 0:13:35]} 35. e6
{[%clk 0:02:20]} Nf4 {[%clk 0:10:28]} 36. Qc3+ {[%clk 0:02:38]} Rd4
{[%clk 0:10:56]} 37. Re1 {[%clk 0:03:00]} Rxe6 {[%clk 0:08:58]} 38. Rxe6
{[%clk 0:01:55]} Nxe6 {[%clk 0:09:25]} 39. Nb3 {[%clk 0:02:14]} b4
{[%clk 0:09:41]} 40. Qf3 {[%clk 0:02:28]} Re4 {[%clk 0:06:28]} 41. Qxf5
{[%clk 0:02:41]} Qf4 {[%clk 0:06:50]} 42. Qd5 {[%clk 0:02:46]} Re1+
{[%clk 0:05:28]} 43. Ka2 {[%clk 0:03:15]} Qxf2 {[%clk 0:05:36]} 44. Qa8+
{[%clk 0:01:08]} Qf8 {[%clk 0:05:00]} 45. Qxa7 {[%clk 0:01:34]} bxa3
{[%clk 0:03:40]} 46. Qa5 {[%clk 0:02:00]} Re5 {[%clk 0:00:48]} 47. Qc3
{[%clk 0:02:11]} Qf4 {[%clk 0:01:12]} 48. Rf3 {[%clk 0:01:31]} Qe4
{[%clk 0:01:41]} 49. bxa3 {[%clk 0:00:46]} Kg8 {[%clk 0:01:03]} 50. h6
{[%clk 0:00:58]} Qd5 {[%clk 0:00:33]} 51. Kb2 {[%clk 0:00:35]} Re2
{[%clk 0:00:33]} 52. Rg3+ {[%clk 0:00:33]} Kf7 {[%clk 0:00:53]} 53. a4
{[%clk 0:00:37]} c4 {[%clk 0:00:33]} 54. Rf3+ {[%clk 0:00:49]} Ke7
{[%clk 0:00:33]} 55. Qb4+ {[%clk 0:00:50]} Ke8 {[%clk 0:00:33]} 56. Qb8+
{[%clk 0:00:41]} Nd8 {[%clk 0:00:33]} 57. Nd2 {[%clk 0:00:32]} Rxd2
{[%clk 0:00:34]} 58. Re3+ {[%clk 0:00:51]} Kd7 {[%clk 0:00:44]} 59. Qa7+
{[%clk 0:01:04]} Nb7 {[%clk 0:00:35]} 60. Rg3 {[%clk 0:00:47]} Qe5+
{[%clk 0:00:39]} 61. Rc3 {[%clk 0:01:15]} Kc7 {[%clk 0:00:48]} 62. Qg1
{[%clk 0:00:59]} Rd7 {[%clk 0:00:35]} 63. Qg3 {[%clk 0:00:45]} Qxg3
{[%clk 0:00:41]} 64. Rxg3 {[%clk 0:01:11]} Nd6 {[%clk 0:00:41]} 65. Rg4
{[%clk 0:01:07]} Kc6 {[%clk 0:00:36]} 66. Kc3 {[%clk 0:01:32]} Rf7
{[%clk 0:00:57]} 67. Rg7 {[%clk 0:01:56]} Kc5 {[%clk 0:00:41]} 68. Rg5+
{[%clk 0:00:50]} Rf5 {[%clk 0:01:09]} 69. Rg7 {[%clk 0:01:15]} Rf3+
{[%clk 0:00:35]} 70. Kd2 {[%clk 0:01:38]} Rf7 {[%clk 0:00:58]} 71. c3
{[%clk 0:01:57]} Rxg7 {[%clk 0:00:34]} 72. hxg7 {[%clk 0:02:24]} Ne4+
{[%clk 0:00:59]} 73. Ke2 {[%clk 0:02:39]} Nf6 {[%clk 0:01:23]} 74. Ke3
{[%clk 0:02:54]} Kb6 {[%clk 0:00:33]} 75. Kd4 {[%clk 0:03:18]} Ka5
{[%clk 0:00:31]} 76. Kxc4 {[%clk 0:03:03]} Kxa4 {[%clk 0:00:56]} 77. Kc5
{[%clk 0:03:12]} Ka5 {[%clk 0:01:04]} 78. c4 {[%cl

[Event "1st Stars Cup 2016"]
[Site "Guilan, Iran"]
[Date "2016.07.18"]
[Round "8"]
[Board "8"]
[White "Darini, Pouria"]
[Black "Mchedlishvili, Mikheil"]
[Result "0-1"]
[WhiteElo "2524"]
[BlackElo "2604"]
[PlyCount "0"]
[EventDate "2016.07.11"]
[EventType "team"]
[EventRounds "10"]
[EventCountry "IRI"]
[WhiteTeam "Iran Stars"]
[BlackTeam "World Stars"]

1. e4 {[%clk 1:30:54]} e5 {[%clk 1:30:44]} 2. Nf3 {[%clk 1:31:18]} Nc6
{[%clk 1:30:56]} 3. d4 {[%clk 1:31:28]} exd4 {[%clk 1:30:58]} 4. Nxd4
{[%clk 1:31:56]} Bc5 {[%clk 1:26:29]} 5. Nb3 {[%clk 1:31:59]} Bb6
{[%clk 1:26:52]} 6. Nc3 {[%clk 1:32:22]} Nf6 {[%clk 1:26:21]} 7. Qe2
{[%clk 1:32:34]} a5 {[%clk 1:25:38]} 8. e5 {[%clk 1:31:32]} O-O {[%clk 1:24:45]}
9. exf6 {[%clk 1:31:54]} a4 {[%clk 1:24:22]} 10. Nd5 {[%clk 1:31:18]} Re8
{[%clk 1:22:30]} 11. Be3 {[%clk 1:31:21]} axb3 {[%clk 1:21:51]} 12. Qg4
{[%clk 1:31:28]} g6 {[%clk 1:21:46]} 13. Bc4 {[%clk 1:29:50]} Nb4
{[%clk 1:20:45]} 14. Qg5 {[%clk 0:43:12]} Nxd5 {[%clk 1:01:36]} 15. Bxd5
{[%clk 0:39:40]} bxc2 {[%clk 0:58:21]} 16. O-O {[%clk 0:33:54]} d6
{[%clk 0:56:16]} 17. Bxb6 {[%clk 0:21:19]} cxb6 {[%clk 0:56:15]} 18. f4
{[%clk 0:09:26]} Bf5 {[%clk 0:48:57]} 19. g4 {[%clk 0:05:44]} Ra5
{[%clk 0:46:38]} 20. Bxf7+ {[%clk 0:00:43]} Kxf7 {[%clk 0:46:59]} 21. gxf5
{[%clk 0:01:06]} Rxf5 {[%clk 0:31:04]} 22. Qh6 {[%clk 0:01:29]} Kxf6
{[%clk 0:30:00]} 23. Qxh7 {[%clk 0:00:47]} Rh5 {[%clk 0:30:08]} 24. Qxb7
{[%clk 0:01:09]} Re2 {[%clk 0:30:31]} 25. Rae1 {[%clk 0:00:33]} Qe8
{[%clk 0:23:52]} 26. Qf3 {[%clk 0:00:54]} Rhxh2 {[%clk 0:21:31]} 27. Qc3+
{[%clk 0:00:34]} Kf7 {[%clk 0:19:39]} 28. Qc7+ {[%clk 0:00:47]} Qe7
{[%clk 0:16:28]} 29. Qc4+ {[%clk 0:00:54]} Qe6 {[%clk 0:16:48]} 30. Qc7+
{[%clk 0:01:02]} Kg8 {[%clk 0:17:00]} 31. Qd8+ {[%clk 0:00:50]} Kg7
{[%clk 0:16:32]} 32. Qc7+ {[%clk 0:00:51]} Kh6 {[%clk 0:16:41]} 0-1

[Event "1st Stars Cup 2016"]
[Site "Guilan, Iran"]
[Date "2016.07.18"]
[Round "8"]
[Board "9"]
[White "Mousavi, Seyed Khalil"]
[Black "Ehlvest, Jaan"]
[Result "1/2-1/2"]
[WhiteElo "2432"]
[BlackElo "2524"]
[PlyCount "0"]
[EventDate "2016.07.11"]
[EventType "team"]
[EventRounds "10"]
[EventCountry "IRI"]
[WhiteTeam "Iran Stars"]
[BlackTeam "World Stars"]

1. c4 {[%clk 1:30:58]} Nf6 {[%clk 1:30:22]} 2. Nc3 {[%clk 1:31:06]} g6
{[%clk 1:30:46]} 3. d4 {[%clk 1:29:31]} Bg7 {[%clk 1:30:11]} 4. e4
{[%clk 1:28:28]} O-O {[%clk 1:30:13]} 5. Nge2 {[%clk 1:28:31]} d6
{[%clk 1:20:37]} 6. Ng3 {[%clk 1:28:35]} Nfd7 {[%clk 1:11:00]} 7. h4
{[%clk 1:13:48]} Nc6 {[%clk 0:43:21]} 8. d5 {[%clk 1:07:50]} Nd4 {[%clk 0:42:59]}
9. Be3 {[%clk 1:05:04]} c5 {[%clk 0:38:10]} 10. dxc6 {[%clk 0:55:05]} Nxc6
{[%clk 0:38:35]} 11. h5 {[%clk 0:55:28]} Nc5 {[%clk 0:29:08]} 12. Be2
{[%clk 0:51:19]} e5 {[%clk 0:23:34]} 13. Nd5 {[%clk 0:42:06]} Nd4
{[%clk 0:20:26]} 14. Qd2 {[%clk 0:41:11]} Be6 {[%clk 0:14:54]} 15. Rc1
{[%clk 0:28:32]} Bxd5 {[%clk 0:10:13]} 16. exd5 {[%clk 0:23:14]} a5
{[%clk 0:09:27]} 17. hxg6 {[%clk 0:20:37]} fxg6 {[%clk 0:07:43]} 18. Bd3
{[%clk 0:20:27]} Rf4 {[%clk 0:05:46]} 19. Bxf4 {[%clk 0:15:06]} exf4
{[%clk 0:06:09]} 20. Ne2 {[%clk 0:15:00]} Qg5 {[%clk 0:04:30]} 21. Nxd4
{[%clk 0:10:15]} Qxg2 {[%clk 0:04:42]} 22. Rf1 {[%clk 0:10:17]} Bxd4
{[%clk 0:05:06]} 23. Kd1 {[%clk 0:09:08]} Bxb2 {[%clk 0:04:56]} 24. Qxb2
{[%clk 0:05:46]} Nxd3 {[%clk 0:05:17]} 25. Qe2 {[%clk 0:06:10]} Ne5
{[%clk 0:03:24]} 26. Kc2 {[%clk 0:05:26]} Qh3 {[%clk 0:03:26]} 27. Kb1
{[%clk 0:04:36]} Rc8 {[%clk 0:03:08]} 28. Rfd1 {[%clk 0:02:37]} Qa3
{[%clk 0:02:45]} 29. Rc2 {[%clk 0:01:32]} Rc7 {[%clk 0:01:58]} 30. Rdc1
{[%clk 0:01:40]} b6 {[%clk 0:02:14]} 31. Qe4 {[%clk 0:01:07]} f3 {[%clk 0:02:33]}
32. Qh4 {[%clk 0:01:13]} Rf7 {[%clk 0:02:01]} 33. Rc3 {[%clk 0:01:17]} Qc5
{[%clk 0:02:13]} 34. Rb3 {[%clk 0:01:41]} Kg7 {[%clk 0:02:02]} 35. Rb5
{[%clk 0:01:37]} Qc8 {[%clk 0:01:24]} 36. Rxb6 {[%clk 0:01:58]} Qf5+
{[%clk 0:01:40]} 37. Ka1 {[%clk 0:02:22]} Ng4 {[%clk 0:01:47]} 38. Qg3
{[%clk 0:01:08]} h5 {[%clk 0:02:15]} 39. c5 {[%clk 0:00:35]} Qf6+
{[%clk 0:01:45]} 40. Kb1 {[%clk 0:00:56]} Qf5+ {[%clk 0:02:05]} 41. Ka1
{[%clk 0:00:49]} 1/2-1/2

[Event "1st Stars Cup 2016"]
[Site "Guilan, Iran"]
[Date "2016.07.18"]
[Round "8"]
[Board "10"]
[White "Khademalsharieh, Sarasadat"]
[Black "Vakhidov, Jahongir"]
[Result "0-1"]
[WhiteElo "2445"]
[BlackElo "2586"]
[PlyCount "0"]
[EventDate "2016.07.11"]
[EventType "team"]
[EventRounds "10"]
[EventCountry "IRI"]
[WhiteTeam "Iran Stars"]
[BlackTeam "World Stars"]

1. d4 {[%clk 1:30:57]} d6 {[%clk 1:30:51]} 2. c4 {[%clk 1:31:10]} e5
{[%clk 1:31:02]} 3. dxe5 {[%clk 1:29:39]} dxe5 {[%clk 1:31:23]} 4. Qxd8+
{[%clk 1:30:05]} Kxd8 {[%clk 1:31:45]} 5. Nc3 {[%clk 1:30:31]} Be6
{[%clk 1:32:04]} 6. e3 {[%clk 1:28:09]} Nd7 {[%clk 1:30:59]} 7. Nf3
{[%clk 1:28:05]} f6 {[%clk 1:31:10]} 8. Bd2 {[%clk 1:27:29]} c6 {[%clk 1:31:14]}
9. b3 {[%clk 1:17:50]} a5 {[%clk 1:30:23]} 10. Bd3 {[%clk 1:18:08]} Nh6
{[%clk 1:28:30]} 11. Ke2 {[%clk 1:17:10]} Nf7 {[%clk 1:27:59]} 12. Bc2
{[%clk 1:14:03]} g5 {[%clk 1:26:02]} 13. h3 {[%clk 1:14:00]} Ba3 {[%clk 1:23:06]}
14. Rad1 {[%clk 1:12:29]} Ke7 {[%clk 1:23:02]} 15. Bc1 {[%clk 1:05:56]} Bxc1
{[%clk 1:20:26]} 16. Rxc1 {[%clk 1:05:50]} Nc5 {[%clk 1:14:47]} 17. Nd2
{[%clk 1:02:18]} f5 {[%clk 1:12:40]} 18. f4 {[%clk 0:42:47]} gxf4
{[%clk 1:05:48]} 19. exf4 {[%clk 0:43:01]} Rhg8 {[%clk 1:05:14]} 20. Kf2
{[%clk 0:37:58]} Rad8 {[%clk 0:59:50]} 21. Rhd1 {[%clk 0:38:17]} Kf6
{[%clk 0:50:14]} 22. Ne2 {[%clk 0:34:48]} e4 {[%clk 0:35:18]} 23. Nf1
{[%clk 0:32:38]} h5 {[%clk 0:35:13]} 24. Ne3 {[%clk 0:31:12]} h4 {[%clk 0:31:43]}
25. Rxd8 {[%clk 0:24:05]} Rxd8 {[%clk 0:30:52]} 26. Rd1 {[%clk 0:24:30]} Nd6
{[%clk 0:29:12]} 27. a3 {[%clk 0:23:40]} a4 {[%clk 0:25:28]} 28. Nc1
{[%clk 0:15:42]} axb3 {[%clk 0:18:51]} 29. Nxb3 {[%clk 0:15:02]} Na4
{[%clk 0:16:02]} 30. Rd2 {[%clk 0:12:03]} Rd7 {[%clk 0:05:11]} 31. Nd4
{[%clk 0:10:55]} Nc5 {[%clk 0:04:58]} 32. Nb3 {[%clk 0:10:27]} Nxc4
{[%clk 0:04:01]} 33. Rxd7 {[%clk 0:08:33]} Nxd7 {[%clk 0:04:15]} 34. Nxc4
{[%clk 0:08:49]} Bxc4 {[%clk 0:04:40]} 35. Na5 {[%clk 0:08:39]} Ba6
{[%clk 0:05:07]} 36. Ke3 {[%clk 0:08:42]} Ke7 {[%clk 0:02:36]} 37. Nb3
{[%clk 0:08:43]} Nf6 {[%clk 0:02:06]} 38. Nd4 {[%clk 0:08:05]} Nd5+
{[%clk 0:02:35]} 39. Kf2 {[%clk 0:08:28]} Kf6 {[%clk 0:02:55]} 40. g3
{[%clk 0:08:53]} c5 {[%clk 0:02:36]} 0-1